[Event "2. Bundesliga Mitte 2012/2013"]
[Site "St. Veit/Glan"]
[Date "2013.03.22"]
[Round "6"]
[Board "2"]
[White "Schachinger, Mario"]
[Black "Stevic, Hrvoje"]
[Result "1/2-1/2"]
[WhiteElo "2426"]
[BlackElo "2616"]
[PlyCount "103"]
[EventDate "2012.10.19"]
[EventType "team"]
[EventRounds "11"]
[EventCountry "AUT"]
[WhiteTeam "Schachclub MPOE Maria Saal"]
[BlackTeam "Schachverein Wolfsberg"]

1. Nf3 Nc6 2. e4 e5 3. Nc3 Nf6 4. d4 exd4 5. Nxd4 Bb4 6. Nxc6 bxc6 7. Bd3 d6 8.
O-O Ng4 9. Be2 Qh4 10. Bxg4 Qxg4 11. Qxg4 Bxg4 12. Be3 Ba5 13. a3 Kd7 14. b4
Bb6 15. Rfe1 Rhb8 16. Rab1 a5 17. f4 axb4 18. axb4 Ra3 19. Bxb6 Rxc3 20. Bd4
Rxc2 21. Bxg7 Bh3 22. Rb2 Rxb2 23. Bxb2 Rxb4 24. Bc3 Rb3 25. Re3 Be6 26. f5 Bc4
27. Kf2 Ra3 28. g4 c5 29. Bf6 Ra2+ 30. Kg3 c6 31. h4 Re2 32. Kf3 Rxe3+ 33. Kxe3
Bb3 34. Kd2 d5 35. exd5 cxd5 36. g5 d4 37. h5 Ba2 38. g6 fxg6 39. fxg6 hxg6 40.
hxg6 Ke6 41. Bd8 Bb1 42. g7 Bh7 43. Bb6 Kd5 44. Ba5 c4 45. Bb4 Kc6 46. Ke2 Kb5
47. Be7 Kb6 48. Ba3 Kc6 49. Bb2 Kc5 50. Kd2 c3+ 51. Bxc3 dxc3+ 52. Kxc3 1/2-1/2

[Event "2. Bundesliga Mitte 2012/2013"]
[Site "St. Veit/Glan"]
[Date "2013.03.22"]
[Round "6"]
[Board "3"]
[White "Jovanovic, Zoran"]
[Black "Hartl, Daniel"]
[Result "1-0"]
[WhiteElo "2516"]
[BlackElo "2275"]
[PlyCount "85"]
[EventDate "2012.10.19"]
[EventType "team"]
[EventRounds "11"]
[EventCountry "AUT"]
[WhiteTeam "Schachverein Wolfsberg"]
[BlackTeam "Schachclub MPOE Maria Saal"]

1. e4 e5 2. Nf3 Nc6 3. Bc4 Nf6 4. d3 Be7 5. O-O O-O 6. Re1 d6 7. a4 h6 8. Nc3
Na5 9. Ba2 c5 10. Nd5 Nxd5 11. Bxd5 Qc7 12. c3 Nc6 13. Bd2 Bf6 14. h3 Bd7 15.
Nh2 Qd8 16. Qh5 Bg5 17. Be3 Qe7 18. a5 a6 19. Bxg5 Qxg5 20. Qxg5 hxg5 21. Nf3
g4 22. Nd2 gxh3 23. Nc4 hxg2 24. Nxd6 Rab8 25. Kxg2 g6 26. Rh1 Kg7 27. Rh4 Kf6
28. Rf1 Be6 29. f4 Ke7 30. Nc4 Rbd8 31. Bxe6 Kxe6 32. Rf3 exf4 33. Rhxf4 f6 34.
Kf2 Rf7 35. Ke3 f5 36. Rg3 Kf6 37. exf5 gxf5 38. Rh4 Ke7 39. Kf4 Rdf8 40. Rh6
Rf6 41. Rg7+ R8f7 42. Rxf7+ Rxf7 43. Nd6 1-0

[Event "2. Bundesliga Mitte 2012/2013"]
[Site "St. Veit/Glan"]
[Date "2013.03.22"]
[Round "6"]
[Board "4"]
[White "Halvax, Georg"]
[Black "Steflitsch, Erich"]
[Result "1-0"]
[WhiteElo "2282"]
[BlackElo "2382"]
[PlyCount "65"]
[EventDate "2012.10.19"]
[EventType "team"]
[EventRounds "11"]
[EventCountry "AUT"]
[WhiteTeam "Schachclub MPOE Maria Saal"]
[BlackTeam "Schachverein Wolfsberg"]

1. e4 e6 2. d4 d5 3. Nc3 Bb4 4. e5 c5 5. a3 Bxc3+ 6. bxc3 Qc7 7. Qg4 f5 8. Qg3
cxd4 9. cxd4 Ne7 10. Bd2 O-O 11. Bd3 b6 12. Ne2 Ba6 13. Nf4 Qd7 14. Bxa6 Nxa6
15. h4 Nc6 16. c3 Na5 17. Rb1 Nc4 18. Bc1 Nc7 19. Nh5 Qf7 20. Nf4 Qd7 21. h5
Rf7 22. h6 g6 23. Ra1 Na5 24. Ra2 Kh8 25. O-O Rc8 26. Nh3 Qa4 27. Re2 Nb5 28.
Re3 Nb3 29. Qh4 Nxc1 30. Ng5 Rff8 31. Nxe6 Qxa3 32. Nxf8 Rxf8 33. e6 1-0

[Event "2. Bundesliga Mitte 2012/2013"]
[Site "St. Veit/Glan"]
[Date "2013.03.22"]
[Round "6"]
[Board "5"]
[White "Reichmann, Egon"]
[Black "Ertl, Johann"]
[Result "1-0"]
[WhiteElo "2269"]
[BlackElo "2287"]
[PlyCount "127"]
[EventDate "2012.10.19"]
[EventType "team"]
[EventRounds "11"]
[EventCountry "AUT"]
[WhiteTeam "Schachverein Wolfsberg"]
[BlackTeam "Schachclub MPOE Maria Saal"]

1. d4 Nf6 2. Nf3 g6 3. c4 Bg7 4. Nc3 O-O 5. e4 d6 6. Be2 e5 7. O-O Nc6 8. d5
Ne7 9. Ne1 Ne8 10. Be3 f5 11. f3 Kh8 12. Rc1 Ng8 13. Qd2 f4 14. Bf2 h5 15. c5
g5 16. Nb5 g4 17. Rc3 Rf7 18. Kh1 Bd7 19. c6 bxc6 20. dxc6 Bc8 21. Bc4 Rf8 22.
Nxa7 g3 23. Bg1 Rxa7 24. Bxa7 Qh4 25. Bg1 Ngf6 26. Ra3 Ng4 27. fxg4 hxg4 28.
Ra8 Nf6 29. Qe2 Nh5 30. Rxc8 Rxc8 31. Be6 f3 32. gxf3 Nf4 33. Ng2 Nxe2 34. Nxh4
Rb8 35. Nf5 g2+ 36. Kxg2 Nf4+ 37. Kg3 Nxe6 38. b3 gxf3 39. Kxf3 Ng5+ 40. Ke3
Rb4 41. Nxd6 Rb6 42. Nf7+ Nxf7 43. Rxf7 Rxc6 44. Kd3 Kg8 45. Rf1 Bf8 46. Be3
Ba3 47. Rb1 Rd6+ 48. Ke2 Rc6 49. Rd1 Kh7 50. h4 Kg6 51. Rg1+ Kh5 52. Rg5+ Kxh4
53. Rxe5 Rc2+ 54. Kf3 Rc3 55. Re6 Bf8 56. Rf6 Bg7 57. Rg6 Bf8 58. e5 Kh5 59.
Rg5+ Kh4 60. Rg4+ Kh5 61. Rc4 Rxc4 62. bxc4 Kg6 63. Ke4 c6 64. a4 1-0

[Event "2. Bundesliga Mitte 2012/2013"]
[Site "St. Veit/Glan"]
[Date "2013.03.22"]
[Round "6"]
[Board "1"]
[White "Pilaj, Herwig"]
[Black "Poetz, Florian"]
[Result "1/2-1/2"]
[WhiteElo "2345"]
[BlackElo "2411"]
[PlyCount "118"]
[EventDate "2012.10.19"]
[EventType "team"]
[EventRounds "11"]
[EventCountry "AUT"]
[WhiteTeam "SC Die Klagenfurter"]
[BlackTeam "Schachklub Sparkasse Fuerstenfeld"]

1. Nf3 c5 2. c4 Nc6 3. Nc3 g6 4. g3 Bg7 5. Bg2 d6 6. d3 e6 7. Rb1 Nge7 8. O-O
O-O 9. a3 b6 10. Bd2 Bb7 11. Qc1 Nf5 12. b4 Qd7 13. e3 Rfd8 14. Ne2 Ne5 15.
Nxe5 Bxe5 16. e4 Nd4 17. Nxd4 Bxd4 18. Bc3 Bxc3 19. Qxc3 Rac8 20. h4 d5 21.
exd5 exd5 22. h5 gxh5 23. Rfe1 Re8 24. Rxe8+ Rxe8 25. bxc5 d4 26. c6 Bxc6 27.
Bxc6 Qxc6 28. Qxd4 Re2 29. Qd8+ Kg7 30. Qg5+ Qg6 31. Rb5 Ra2 32. Qe7 h6 33. Rd5
Qf6 34. Qxf6+ Kxf6 35. Kg2 Rxa3 36. Kf3 Kg6 37. Ke3 Rb3 38. Rd6+ f6 39. Rd7 a5
40. Ra7 Rb2 41. f3 Rb1 42. d4 Kf5 43. c5 Rb3+ 44. Ke2 h4 45. gxh4 bxc5 46. Rxa5
Kf4 47. dxc5 Kg3 48. c6 Rc3 49. Rh5 Rxc6 50. Rxh6 Re6+ 51. Kf1 Kxf3 52. Rg6 Ra6
53. Kg1 Ra1+ 54. Kh2 f5 55. h5 f4 56. Rb6 Kg4 57. h6 Ra2+ 58. Kg1 Ra1+ 59. Kf2
Ra2+ 1/2-1/2

[Event "2. Bundesliga Mitte 2012/2013"]
[Site "St. Veit/Glan"]
[Date "2013.03.22"]
[Round "6"]
[Board "2"]
[White "Radnetter, Georg"]
[Black "Wertjanz, David"]
[Result "1-0"]
[WhiteElo "2278"]
[BlackElo "2259"]
[PlyCount "51"]
[EventDate "2012.10.19"]
[EventType "team"]
[EventRounds "11"]
[EventCountry "AUT"]
[WhiteTeam "Schachklub Sparkasse Fuerstenfeld"]
[BlackTeam "SC Die Klagenfurter"]

1. Nf3 Nf6 2. c4 b6 3. d4 e6 4. Nc3 Bb7 5. e3 d5 6. cxd5 exd5 7. Bb5+ c6 8. Ba4
Bd6 9. O-O O-O 10. Ne5 Bxe5 11. dxe5 Ne4 12. Nxe4 dxe4 13. Qg4 c5 14. b4 cxb4
15. Bb2 Qe7 16. Rfd1 a6 17. Rac1 b5 18. Bb3 Bc6 19. e6 f5 20. Qxg7+ Qxg7 21.
e7+ Qf7 22. Bxf7+ Kxf7 23. exf8=Q+ Kxf8 24. Rd8+ Ke7 25. Rh8 Bd7 26. Be5 1-0

[Event "2. Bundesliga Mitte 2012/2013"]
[Site "St. Veit/Glan"]
[Date "2013.03.22"]
[Round "6"]
[Board "3"]
[White "Genser, Harald"]
[Black "Schwarhofer, Christopher"]
[Result "1/2-1/2"]
[WhiteElo "2290"]
[BlackElo "2285"]
[PlyCount "93"]
[EventDate "2012.10.19"]
[EventType "team"]
[EventRounds "11"]
[EventCountry "AUT"]
[WhiteTeam "SC Die Klagenfurter"]
[BlackTeam "Schachklub Sparkasse Fuerstenfeld"]

1. d4 Nf6 2. c4 g6 3. Nc3 Bg7 4. e4 d6 5. Nf3 O-O 6. Be2 e5 7. O-O Nc6 8. d5
Ne7 9. Ne1 Ne8 10. Nd3 {[%emt 0:00:00]} f5 {[%emt 0:00:00]} 11. f3 f4 12. Bd2
g5 13. c5 Kh8 14. Rc1 Rf7 15. Nb5 Ng8 16. Ba5 b6 17. cxb6 cxb6 18. Be1 h5 19.
Nb4 Nh6 20. Nc6 Qf6 21. Nbxa7 Bd7 22. Qb3 g4 23. Qxb6 Qg5 24. Nb8 gxf3 25. Bxf3
Bh3 26. Nbc6 Bxg2 27. Bxg2 f3 28. Rc2 fxg2 29. Rxf7 Nxf7 30. Rxg2 Qc1 31. Re2
Nf6 32. Qe3 Qb1 33. Ne7 Ng4 34. Qb3 Kh7 35. Qf3 Nfh6 36. Nec8 Qxa2 37. h3 Rxa7
38. Nxa7 Qxa7+ 39. Kg2 Nf6 40. Bh4 Qf7 41. Kh2 Nd7 42. Qxf7 Nxf7 43. b4 Bf6 44.
Bxf6 Nxf6 45. b5 Nd7 46. Ra2 Kg6 47. Ra7 1/2-1/2

[Event "2. Bundesliga Mitte 2012/2013"]
[Site "St. Veit/Glan"]
[Date "2013.03.22"]
[Round "6"]
[Board "4"]
[White "Takacs, Balazs"]
[Black "Petschar, Kurt"]
[Result "1/2-1/2"]
[WhiteElo "2348"]
[BlackElo "2295"]
[PlyCount "82"]
[EventDate "2012.10.19"]
[EventType "team"]
[EventRounds "11"]
[EventCountry "AUT"]
[WhiteTeam "Schachklub Sparkasse Fuerstenfeld"]
[BlackTeam "SC Die Klagenfurter"]

1. e4 c5 2. Nf3 Nc6 3. d4 cxd4 4. Nxd4 Nf6 5. Nc3 d6 6. Bg5 Bd7 7. Qd2 Rc8 8.
O-O-O Nxd4 9. Qxd4 Qa5 10. f4 h6 11. Bxf6 gxf6 12. Be2 Qc5 13. f5 h5 14. h4
Bh6+ 15. Kb1 Bf4 16. Qxc5 Rxc5 17. g4 hxg4 18. Bxg4 Be5 19. Nd5 e6 20. Ne3 Ke7
21. h5 Rcc8 22. c3 Bc6 23. Bf3 Rcg8 24. Rh3 Bf4 25. Re1 Rg7 26. Nd5+ exd5 27.
exd5+ Kd7 28. dxc6+ bxc6 29. Re4 Bh6 30. Ra4 Ra8 31. Ra6 d5 32. Kc2 Rg1 33. b3
Rf1 34. c4 Rf2+ 35. Kc3 Re8 36. Bd1 Bd2+ 37. Kc2 Be3+ 38. Kb1 Rf1 39. Kc2 Rf2+
40. Kb1 Rf1 41. Kc2 Rf2+ 1/2-1/2

[Event "2. Bundesliga Mitte 2012/2013"]
[Site "St. Veit/Glan"]
[Date "2013.03.22"]
[Round "6"]
[Board "5"]
[White "Singer, Hans"]
[Black "Hatzl, Stefan"]
[Result "1-0"]
[WhiteElo "2229"]
[BlackElo "2183"]
[PlyCount "101"]
[EventDate "2012.10.19"]
[EventType "team"]
[EventRounds "11"]
[EventCountry "AUT"]
[WhiteTeam "SC Die Klagenfurter"]
[BlackTeam "Schachklub Sparkasse Fuerstenfeld"]

1. d4 Nf6 2. c4 g6 3. Nc3 Bg7 4. e4 d6 5. Nf3 O-O 6. Be2 Na6 7. h3 e5 8. dxe5
dxe5 9. Be3 h6 10. O-O Qe7 11. Nd5 Qd8 12. Qc2 c6 13. Nxf6+ Qxf6 14. Rfd1 Qe7
15. Qd2 Kh7 16. Qd6 Re8 17. Qxe7 Rxe7 18. b4 Re8 19. b5 cxb5 20. cxb5 Nc7 21.
Rac1 Ne6 22. Bc4 b6 23. Bd5 Rb8 24. a4 Re7 25. Rc4 Bb7 26. Bxb7 Rbxb7 27. Rdc1
Red7 28. Kf1 g5 29. Ke2 Kg6 30. g3 f6 31. Rc8 Kf7 32. Nd2 Bf8 33. Nb3 Bb4 34.
R1c6 Nd8 35. Rc4 Be7 36. f4 exf4 37. gxf4 Ne6 38. f5 Ng7 39. Nd4 Ne8 40. R4c6
Nd6 41. Rh8 Nxe4 42. Rcc8 Ng3+ 43. Kf3 Nxf5 44. Nxf5 Ke6 45. Ke4 Rd1 46. Rc6+
Kf7 47. Rh7+ Kg6 48. Rxh6+ Kf7 49. Rh7+ Kg6 50. Rg7+ Kh5 51. Rc8 1-0

[Event "2. Bundesliga Mitte 2012/2013"]
[Site "St. Veit/Glan"]
[Date "2013.03.22"]
[Round "6"]
[Board "6"]
[White "Hatzl, Johannes"]
[Black "Titz, Heimo"]
[Result "1/2-1/2"]
[WhiteElo "2125"]
[BlackElo "2168"]
[PlyCount "100"]
[EventDate "2012.10.19"]
[EventType "team"]
[EventRounds "11"]
[EventCountry "AUT"]
[WhiteTeam "Schachklub Sparkasse Fuerstenfeld"]
[BlackTeam "SC Die Klagenfurter"]

1. e4 c5 2. c3 Nf6 3. e5 Nd5 4. d4 cxd4 5. cxd4 e6 6. Nc3 Nxc3 7. bxc3 Qc7 8.
Bd2 b6 9. Nf3 Be7 10. Bd3 Ba6 11. Bxa6 Nxa6 12. Qe2 Nb8 13. O-O O-O 14. Qe4 Qc6
15. Qg4 f5 16. exf6 Bxf6 17. Rfe1 Na6 18. h4 Nc7 19. h5 Nd5 20. Rac1 b5 21. Ne5
Bxe5 22. Rxe5 Rf7 23. h6 g6 24. Qe2 Rc8 25. a4 a6 26. axb5 axb5 27. Qd3 Qc4 28.
Qxc4 Rxc4 29. Rb1 Nxc3 30. Bxc3 Rxc3 31. Rexb5 Kf8 32. d5 Ke7 33. dxe6 Kxe6 34.
Re1+ Kf6 35. Rd5 Rc6 36. Re3 d6 37. g4 Re7 38. Rf3+ Ke6 39. Re3+ Kd7 40. Red3
Re4 41. g5 Ke6 42. Kg2 Re5 43. Rxe5+ dxe5 44. Rf3 Ke7 45. Re3 Ke6 46. Rf3 Rd6
47. Kg3 Ke7 48. Re3 Ke6 49. Rf3 Ke7 50. Rb3 Ke6 1/2-1/2

[Event "2. Bundesliga Mitte 2012/2013"]
[Site "St. Veit/Glan"]
[Date "2013.03.22"]
[Round "6"]
[Board "1"]
[White "Wittmann, Walter"]
[Black "Mohr, Georg"]
[Result "0-1"]
[WhiteElo "2245"]
[BlackElo "2483"]
[PlyCount "64"]
[EventDate "2012.10.19"]
[EventType "team"]
[EventRounds "11"]
[EventCountry "AUT"]
[WhiteTeam "Union Styria Graz"]
[BlackTeam "StrassenbahnGraz"]

1. e4 c5 2. Nf3 d6 3. Nc3 Nf6 4. d4 cxd4 5. Nxd4 e5 6. Nf3 h6 7. Bc4 Be7 8. O-O
O-O 9. Qe2 Nc6 10. Rd1 Bg4 11. Be3 Qc8 12. h3 Bh5 13. Bb3 Re8 14. Kh1 Bf8 15.
Nd5 Nxe4 16. g4 Bg6 17. Nh4 Bh7 18. Qf3 Re6 19. Nf5 Nc5 20. Bxc5 dxc5 21. Nde3
Rf6 22. Nd5 Re6 23. Nde3 Nd4 24. Nxd4 cxd4 25. Bxe6 fxe6 26. Nf1 Qxc2 27. Ng3
Qxb2 28. Rac1 Bd6 29. Rf1 Rf8 30. Nf5 Bxf5 31. gxf5 Rxf5 32. Qg4 Qxa2 0-1

[Event "2. Bundesliga Mitte 2012/2013"]
[Site "St. Veit/Glan"]
[Date "2013.03.22"]
[Round "6"]
[Board "2"]
[White "Supancic, Darko"]
[Black "Manhardt, Thomas"]
[Result "1/2-1/2"]
[WhiteElo "2370"]
[BlackElo "2152"]
[PlyCount "89"]
[EventDate "2012.10.19"]
[EventType "team"]
[EventRounds "11"]
[EventCountry "AUT"]
[WhiteTeam "StrassenbahnGraz"]
[BlackTeam "Union Styria Graz"]

1. e4 c5 2. Nc3 Nc6 3. Nf3 Nf6 4. Bb5 g6 5. Bxc6 dxc6 6. h3 Bg7 7. d3 O-O 8.
Be3 b6 9. Qd2 e5 10. Bh6 Qe7 11. O-O-O b5 12. Bxg7 Kxg7 13. g4 a5 14. Rdg1 Re8
15. Nd1 c4 16. g5 Nh5 17. d4 exd4 18. Nxd4 Bd7 19. f3 b4 20. Ne3 Qc5 21. Ne2
Rad8 22. Qd4+ Qxd4 23. Nxd4 Nf4 24. Rh2 c5 25. Ne2 Nxe2+ 26. Rxe2 Be6 27. h4 c3
28. bxc3 Bxa2 29. Rd2 a4 30. Rxd8 Rxd8 31. Rd1 Rb8 32. Kb2 b3 33. cxb3 Bxb3 34.
Ra1 h6 35. Rh1 hxg5 36. hxg5 Bd1+ 37. Ka3 Bxf3 38. Rh3 Bxe4 39. Kxa4 Bc6+ 40.
Ka5 f5 41. gxf6+ Kxf6 42. Rh7 Rb5+ 43. Ka6 Rb3 44. Rc7 Bb5+ 45. Ka5 1/2-1/2

[Event "2. Bundesliga Mitte 2012/2013"]
[Site "St. Veit/Glan"]
[Date "2013.03.22"]
[Round "6"]
[Board "3"]
[White "Schriebl, Alexander"]
[Black "Krebs, Johann"]
[Result "0-1"]
[WhiteElo "2086"]
[BlackElo "2243"]
[PlyCount "134"]
[EventDate "2012.10.19"]
[EventType "team"]
[EventRounds "11"]
[EventCountry "AUT"]
[WhiteTeam "Union Styria Graz"]
[BlackTeam "StrassenbahnGraz"]

1. d4 Nf6 2. c4 c5 3. d5 d6 4. Nc3 g6 5. g3 Bg7 6. Bg2 O-O 7. Nf3 e6 8. O-O
exd5 9. cxd5 Re8 10. Re1 Ne4 11. Nxe4 Rxe4 12. Nd2 Re8 13. a4 Nd7 14. Nc4 Ne5
15. Nxe5 Bxe5 16. Qc2 Qb6 17. Rb1 Bd7 18. Bd2 Qa6 19. Ra1 b5 20. axb5 Qxb5 21.
Ra2 a5 22. e3 a4 23. Bf1 Qb3 24. Qc4 Reb8 25. Bc3 Bg7 26. Kg2 Bxc3 27. bxc3 Bb5
28. Qxb3 Bxf1+ 29. Kxf1 Rxb3 30. Rc1 Kg7 31. Ke2 c4 32. e4 f5 33. Ke3 a3 34.
exf5 gxf5 35. Kd4 Ra4 36. Re1 Rb7 37. Rea1 Rb3 38. Re1 Kf7 39. h4 h5 40. f3 Rb8
41. Rea1 Rb3 42. Re1 Kf8 43. Rae2 Rb7 44. Re8+ Kf7 45. R8e2 a2 46. Ra1 Rba7 47.
Rb2 Ke7 48. Rb4 Ra3 49. Rxc4 Kd7 50. Rb4 Rc7 51. Rc4 Rb7 52. Rb4 Rxb4+ 53. cxb4
Kc7 54. Kc4 Kb6 55. f4 Ka6 56. b5+ Kb6 57. Kb4 Ra5 58. Kc4 Ra4+ 59. Kb3 Kxb5
60. Kb2 Kb4 61. g4 fxg4 62. f5 Kc5 63. f6 Rf4 64. Rxa2 Rxf6 65. Ra5+ Kd4 66.
Kc2 Ke3 67. Ra3+ Kf2 0-1

[Event "2. Bundesliga Mitte 2012/2013"]
[Site "St. Veit/Glan"]
[Date "2013.03.22"]
[Round "6"]
[Board "4"]
[White "Pesorda, Ivan"]
[Black "Matosec, Thomas"]
[Result "1-0"]
[WhiteElo "2274"]
[BlackElo "2087"]
[PlyCount "81"]
[EventDate "2012.10.19"]
[EventType "team"]
[EventRounds "11"]
[EventCountry "AUT"]
[WhiteTeam "StrassenbahnGraz"]
[BlackTeam "Union Styria Graz"]

1. d4 f5 2. Nc3 Nf6 3. f3 d5 4. Bg5 Be6 5. Qd3 Nc6 6. O-O-O Qd7 7. h4 O-O-O 8.
Na4 b6 9. e3 Kb8 10. Nh3 Nh5 11. Bf4 Nxf4 12. Nxf4 Bf7 13. Qc3 e5 14. Nd3 e4
15. Nf4 Bb4 16. Qb3 Qe7 17. a3 Bd6 18. Nxd5 Na5 19. Nxe7 Nxb3+ 20. cxb3 Bxe7
21. Bc4 Bh5 22. Rdf1 c6 23. Nc3 exf3 24. gxf3 f4 25. d5 b5 26. Bd3 fxe3 27. Be4
b4 28. axb4 Bxb4 29. dxc6 Bf7 30. Re1 Bc5 31. b4 Bb6 32. Na4 Bd4 33. Nc5 Kc8
34. Rd1 Rd6 35. Kc2 Bg6 36. Rxd4 Bxe4+ 37. Rxe4 Rxc6 38. Rxe3 a5 39. Rhe1 Kd8
40. Rd1+ Kc8 41. Ra1 1-0

[Event "2. Bundesliga Mitte 2012/2013"]
[Site "St. Veit/Glan"]
[Date "2013.03.22"]
[Round "6"]
[Board "5"]
[White "Stagl, Marco"]
[Black "Steiner, Stefan"]
[Result "1/2-1/2"]
[WhiteElo "2079"]
[BlackElo "2249"]
[PlyCount "118"]
[EventDate "2012.10.19"]
[EventType "team"]
[EventRounds "11"]
[EventCountry "AUT"]
[WhiteTeam "Union Styria Graz"]
[BlackTeam "StrassenbahnGraz"]

1. d4 Nc6 2. c4 e5 3. d5 Nce7 4. Nc3 Nf6 5. Nf3 Ng6 6. g3 Bb4 7. Qc2 Bxc3+ 8.
Qxc3 d6 9. Bg2 b6 10. O-O a5 11. b4 axb4 12. Qxb4 O-O 13. Bg5 Bg4 14. a4 h6 15.
Bxf6 Qxf6 16. Qc3 Bxf3 17. Bxf3 Ra5 18. Be4 Rfa8 19. Bc2 Nf8 20. f4 Nd7 21.
Rab1 e4 22. Qxf6 Nxf6 23. h3 Kf8 24. Kf2 Nd7 25. Bxe4 Rxa4 26. Bd3 Nc5 27. Rb2
Ra3 28. Rd1 Rc3 29. Ke3 Ra4 30. Kd4 Rca3 31. Bc2 Ra5 32. Bd3 Nb3+ 33. Ke3 Rc5
34. Rc2 Na5 35. Kf2 Ra4 36. Rdc1 Ra3 37. Rb1 Ke7 38. g4 Ra4 39. Rbc1 g5 40.
fxg5 hxg5 41. Rc3 f6 42. Kg3 Nb7 43. h4 gxh4+ 44. Kxh4 Nd8 45. Bg6 Nf7 46. Bxf7
Kxf7 47. Kg3 Kg6 48. Kf3 Kg5 49. Ke3 Rb4 50. Kf3 b5 51. cxb5 Rf4+ 52. Ke3 Rxd5
53. Rxc7 Re5+ 54. Kd3 Rxb5 55. Rg1 Kg6 56. Rd7 d5 57. Rd6 Kg5 58. Rd8 Kg6 59.
g5 fxg5 1/2-1/2

[Event "2. Bundesliga Mitte 2012/2013"]
[Site "St. Veit/Glan"]
[Date "2013.03.22"]
[Round "6"]
[Board "6"]
[White "Schink, Barbara"]
[Black "Kozomara, David"]
[Result "1-0"]
[WhiteElo "2167"]
[BlackElo "1922"]
[PlyCount "123"]
[EventDate "2012.10.19"]
[EventType "team"]
[EventRounds "11"]
[EventCountry "AUT"]
[WhiteTeam "StrassenbahnGraz"]
[BlackTeam "Union Styria Graz"]

1. e4 c5 2. Nf3 e6 3. d4 cxd4 4. Nxd4 a6 5. Nc3 Nc6 6. Be2 Qc7 7. O-O Nf6 8.
Be3 Be7 9. f4 d6 10. a4 Bd7 11. Nb3 Na5 12. Nxa5 Qxa5 13. Qd3 Bc6 14. b4 Qc7
15. b5 Bd7 16. Bf3 Rc8 17. Bd2 axb5 18. axb5 O-O 19. Kh1 Rfd8 20. Ra7 Be8 21.
Qe2 d5 22. e5 Nd7 23. Ra2 Nb6 24. Be1 Nc4 25. Qf2 Bc5 26. Qe2 Ne3 27. Rf2 Nf5
28. Rf1 Bb4 29. Nxd5 exd5 30. Bxb4 Nd4 31. Qf2 Qc4 32. c3 Nxf3 33. gxf3 Bxb5
34. Rg1 Qxf4 35. Be7 Qxe5 36. Bxd8 Rxd8 37. Qb6 Qe8 38. Rxg7+ Kxg7 39. Rg2+ Kf8
40. Qc5+ Qe7 41. Rg8+ Kxg8 42. Qxe7 Rd7 43. Qf6 Bd3 44. h4 h5 45. Qg5+ Bg6 46.
f4 d4 47. Qe5 Rd8 48. cxd4 b5 49. f5 Bh7 50. f6 Bg6 51. d5 b4 52. d6 b3 53. Kh2
Kh7 54. Kg3 Rd7 55. Kf4 Rb7 56. Qb2 Rb6 57. Ke5 Rb5+ 58. Kd4 Bf5 59. Kc4 Rb7
60. Qg2 Be6+ 61. Kc3 Bg4 62. Qxb7 1-0

[Event "2. Bundesliga Mitte 2012/2013"]
[Site "St. Veit/Glan"]
[Date "2013.03.22"]
[Round "6"]
[Board "1"]
[White "Horvath, Adam"]
[Black "Freitag, Manfred"]
[Result "1-0"]
[WhiteElo "2485"]
[BlackElo "2385"]
[PlyCount "89"]
[EventDate "2012.10.19"]
[EventType "team"]
[EventRounds "11"]
[EventCountry "AUT"]
[WhiteTeam "RbEJ Gleisdorf"]
[BlackTeam "ESV Austria Graz"]

1. e4 e6 2. d4 d5 3. Nc3 Nf6 4. Bg5 Bb4 5. e5 h6 6. Bd2 Bxc3 7. bxc3 Ne4 8. Qg4
Kf8 9. Bd3 Nxd2 10. Kxd2 c5 11. Nf3 c4 12. Be2 Nc6 13. a4 Bd7 14. h4 a6 15.
Rhb1 Rb8 16. Qf4 b5 17. axb5 Rxb5 18. Rxb5 axb5 19. h5 Qb6 20. Kd1 Be8 21. g4
b4 22. cxb4 Qxb4 23. Qc1 Qe7 24. c3 Kg8 25. Ra8 g5 26. Ke1 Kg7 27. Bd1 Bd7 28.
Rxh8 Kxh8 29. Bc2 f5 30. exf6 Qxf6 31. Qe3 Kg7 32. Ke2 Kf8 33. Ne5 Nxe5 34.
dxe5 Qe7 35. Qa7 Be8 36. Qb6 Kg7 37. Kf1 Bd7 38. Qc7 Kf8 39. Bg6 Be8 40. Qb8
Qd7 41. f4 gxf4 42. g5 Qa4 43. Qd6+ Kg8 44. Qxe6+ Kf8 45. Qxe8+ 1-0

[Event "2. Bundesliga Mitte 2012/2013"]
[Site "St. Veit/Glan"]
[Date "2013.03.22"]
[Round "6"]
[Board "2"]
[White "Karner, Christoph"]
[Black "Horvath, Tamas"]
[Result "1/2-1/2"]
[WhiteElo "2304"]
[BlackElo "2390"]
[PlyCount "95"]
[EventDate "2012.10.19"]
[EventType "team"]
[EventRounds "11"]
[EventCountry "AUT"]
[WhiteTeam "ESV Austria Graz"]
[BlackTeam "RbEJ Gleisdorf"]

1. d4 Nf6 2. c4 e6 3. Nf3 Bb4+ 4. Bd2 Qe7 5. g3 Nc6 6. Nc3 Bxc3 7. Bxc3 Ne4 8.
Rc1 O-O 9. Bg2 d6 10. O-O {[%emt 0:00:00]} Nxc3 {[%emt 0:00:00]} 11. Rxc3 {
[%emt 0:00:00]} e5 12. d5 Nb8 13. b4 Bd7 14. Qb1 c6 15. dxc6 Nxc6 16. Rd1 Rad8
17. Ra3 b6 18. Nd2 Rc8 19. b5 Na5 20. Nb3 d5 21. c5 Nxb3 22. Qxb3 Qxc5 23. Rxa7
Bxb5 24. Qxd5 Bxe2 25. Re1 Qc1 26. Rxc1 Rxc1+ 27. Bf1 Bxf1 28. Qd2 Rb1 29. f3
h6 30. Kf2 Bc4 31. Qc2 Rf1+ 32. Kg2 b5 33. Qf5 Re1 34. g4 Rd8 35. Rd7 Re2+ 36.
Kg3 Ra8 37. a3 Re3 38. Kf2 Be6 39. Qb1 Rexa3 40. Rd2 Bc4 41. Qe4 Ra2 42. Kg3 f6
43. Rd7 R2a7 44. Rxa7 Rxa7 45. Qc6 Rf7 46. h4 Rf8 47. Qc5 Re8 48. Qc6 1/2-1/2

[Event "2. Bundesliga Mitte 2012/2013"]
[Site "St. Veit/Glan"]
[Date "2013.03.22"]
[Round "6"]
[Board "3"]
[White "Wegerer, Fred"]
[Black "Kotz, Heinz Peter"]
[Result "1/2-1/2"]
[WhiteElo "2194"]
[BlackElo "2353"]
[PlyCount "115"]
[EventDate "2012.10.19"]
[EventType "team"]
[EventRounds "11"]
[EventCountry "AUT"]
[WhiteTeam "RbEJ Gleisdorf"]
[BlackTeam "ESV Austria Graz"]

1. c4 {[%emt 0:00:00]} g6 2. Nc3 Bg7 3. g3 Nf6 4. Bg2 O-O 5. d3 e5 6. Bg5 h6 7.
Bd2 c6 8. Qc1 Kh7 9. h4 d5 10. h5 g5 11. Nf3 e4 12. dxe4 Nxe4 13. Nxe4 dxe4 14.
Nh2 Qd4 15. Bc3 Qxc4 16. Bxg7 Qxc1+ 17. Rxc1 Kxg7 18. Bxe4 Re8 19. Bd3 Be6 20.
f4 Nd7 21. a4 Nf6 22. fxg5 hxg5 23. h6+ Kxh6 24. Nf3+ Kg7 25. Nxg5 Bd5 26. Rh4
Re5 27. Nh3 Be4 28. Nf2 Bxd3 29. Nxd3 Re3 30. Kf2 Rae8 31. Rc2 R3e4 32. Nf4
R8e5 33. b3 Rg5 34. Kf3 Re7 35. Rc4 Rge5 36. e4 Nxe4 37. Rxe4 Rxe4 38. Nh5+ Kg6
39. Rxe4 Rxe4 40. Kxe4 Kxh5 41. Kf5 a5 42. g4+ Kh4 43. Kf6 b5 44. Kxf7 bxa4 45.
bxa4 c5 46. Kf6 c4 47. g5 c3 48. g6 c2 49. g7 c1=Q 50. g8=Q Qf4+ 51. Ke7 Qxa4
52. Qh7+ Kg3 53. Qd3+ Kf2 54. Kd6 Qb4+ 55. Kd5 Ke1 56. Qc4 Kd2 57. Qxb4+ axb4
58. Kc4 1/2-1/2

[Event "2. Bundesliga Mitte 2012/2013"]
[Site "St. Veit/Glan"]
[Date "2013.03.22"]
[Round "6"]
[Board "4"]
[White "Aschenbrenner, Robert"]
[Black "Watzka, Horst"]
[Result "1/2-1/2"]
[WhiteElo "2264"]
[BlackElo "2259"]
[PlyCount "62"]
[EventDate "2012.10.19"]
[EventType "team"]
[EventRounds "11"]
[EventCountry "AUT"]
[WhiteTeam "ESV Austria Graz"]
[BlackTeam "RbEJ Gleisdorf"]

1. d4 Nf6 2. c4 d6 3. Nc3 Nbd7 4. e4 e5 5. d5 Nc5 6. f3 a5 7. Be3 Be7 8. Qd2
O-O 9. O-O-O Ne8 10. g4 h6 11. h4 Bxh4 12. Nh3 Be7 13. Bxh6 f6 14. Be3 g5 15.
Qh2 Ng7 16. Ng1 Kf7 17. Qh7 Bd7 18. Rh6 Rh8 19. Qg6+ Kg8 20. Rxh8+ Kxh8 21. Rd2
Kg8 22. Rh2 Qe8 23. Qh6 Kf7 24. Bxc5 dxc5 25. Nge2 Qg8 26. Ng3 Rf8 27. Nd1 Ke8
28. Ne3 Kd8 29. Bd3 Ne8 30. Nef5 Bxf5 31. Nxf5 Qf7 1/2-1/2